| 000 | 01288nam a2200265Ia 4500 | ||
|---|---|---|---|
| 003 | OSt | ||
| 005 | 20211027160804.0 | ||
| 008 | 210310s1978 mx ad fr 001 0 spa d | ||
| 040 |
_aCO-JMCR _cCO-JMCR |
||
| 041 | 0 | _aspa | |
| 082 | 0 | 4 |
_a338.98 / _bS958s1 _223 |
| 100 | 1 |
_aSunkel, Osvaldo, _917906 _eautor |
|
| 245 | 1 | 3 |
_aEl subdesarrollo latinoamericano y la teoría del desarrollo / _cpor Osvaldo Sunkel y la colaboración de Pedro Paz |
| 250 | _aDecimoprimera edición | ||
| 260 |
_aMéxico : _bSiglo XXI Editores, _c1978 |
||
| 300 |
_aviii, 385 páginas : _bilustraciones y gráficas a blanco y negro ; _c23 cm. |
||
| 490 | 0 | _aTextos del Instituto Latinoamericano de Planificación Económica y Social. Economía y demografía | |
| 500 | _aIncluye índice de autores y notas a pie de página. | ||
| 505 | 0 | _aLos conceptos de desarrollo y subdesarrollo -- El marco histórico del proceso de desarrollo y subdesarrollo - La teoría del desarrollo económico -- Un ensayo de interpretación del desarrollo latinoamericano | |
| 650 | 1 | 4 |
_aDesarrollo económico _917908 _zAmérica Latina |
| 650 | 2 | 4 |
_aPaíses en desarrollo _xCondiciones económicas _941315 |
| 651 | 4 |
_aAmérica Latina _xPolítica económica _936232 |
|
| 700 | 1 |
_aPaz, Pedro, _ecolaborador _97502 |
|
| 942 |
_2ddc _cBK |
||
| 999 |
_c8656 _d8656 |
||